| 000 | 00588nam a22001937a 4500 | ||
|---|---|---|---|
| 003 | NUST | ||
| 005 | 20230912112442.0 | ||
| 008 | 190717b ||||| |||| 00| 0 eng d | ||
| 038 | _aMr. Noman Tariq | ||
| 082 | _a658 | ||
| 100 |
_aNazir, Komal _917927 |
||
| 245 |
_aEffect of celebrity endorsements on the operations of cellular sector: _bIs the increase in demand met with supply |
||
| 260 |
_aIslamabad: _bNBS - NUST, _c2012. |
||
| 300 |
_a52 p .: ill.; _c30cm. |
||
| 500 | _aHARDCOVER. | ||
| 650 |
_aMBA Thesis _917629 |
||
| 700 |
_aMr. Kamran Khalid _917555 |
||
| 942 |
_2ddc _cTHE |
||
| 999 |
_c526923 _d526923 |
||